书目信息 |
| 题名: |
钢筋工
|
|
| 作者: | 马玫 主编 | |
| 分册: | ||
| 出版信息: | 北京 中国城市出版社 2003.11 |
|
| 页数: | 282页 | |
| 开本: | 26cm | |
| 丛书名: | ||
| 单 册: | ||
| 中图分类: | TU755.3 | |
| 科图分类: | ||
| 主题词: | 建筑工程--钢筋--工程施工--技术教育--教材 , 建筑工程 , 钢筋 | |
| 电子资源: | ||
| ISBN: | 7-5074-1578-3 | |
| 000 | 01087nam0 2200313 450 | |
| 001 | 01200620000043 | |
| 005 | 20060913094156.19 | |
| 010 | @a7-5074-1578-3@dCNY27.80 | |
| 092 | @aCN@b488775 | |
| 100 | @a20060323d2003 em y0chiy0110 ea | |
| 101 | 0 | @achi |
| 102 | @aCN@b110000 | |
| 105 | @aa z 000yy | |
| 200 | 1 | @a钢筋工@Agang jin gong@e中级 高级 技师@f马玫主编@Fma mei zhu bian |
| 210 | @a北京@c中国城市出版社@d2003.11 | |
| 215 | @a282页@c图@d26cm | |
| 300 | @a国家职业资格培训教程 全国职业培训推荐教材 专用于国家职业技能鉴定 | |
| 304 | @a劳动保障部培训就业司组织评审认定 劳动和社会保障部中国就业培训技术指导中心组织编写 | |
| 320 | @a有书目 | |
| 330 | @a本书以国家职业标准作为依据,力求突出职业特色,针对钢筋工职业活动领域,分为中级、高级和技师三个等级进行编写。 | |
| 517 | 1 | @a中级 高级 技师@Azhong ji gao ji ji shi |
| 606 | 0 | @a建筑工程@x钢筋@x工程施工@x技术教育@j教材 |
| 606 | 0 | @a建筑工程 |
| 606 | 0 | @a钢筋 |
| 690 | @aTU755.3@v4 | |
| 701 | 0 | @a马玫@Ama mei@4主编 |
| 801 | 0 | @aCN@bLZJBOOK@c20060913 |
| 905 | @aBZT@dTU755.3@e1 | |
| 906 | @dCNY27.80@n0@r1 | |
| 钢筋工:中级 高级 技师/马玫主编.-北京:中国城市出版社,2003.11 |
| 282页:图;26cm |
| 国家职业资格培训教程 全国职业培训推荐教材 专用于国家职业技能鉴定 |
| ISBN 7-5074-1578-3:CNY27.80 |
| 本书以国家职业标准作为依据,力求突出职业特色,针对钢筋工职业活动领域,分为中级、高级和技师三个等级进行编写。 |
| ● |
| 相关链接 |
|
|
|
正题名:钢筋工
索取号:TU755.3/1
 
预约/预借
| 序号 | 登录号 | 条形码 | 馆藏地/架位号 | 状态 | 备注 |
| 1 | 456774 | 230012931 | 中心书库中库/ 中库022架A面3列7层17/ [索取号:TU755.3/1] | 在馆 | |
| 2 | 456775 | 230012932 | 中心书库中库/ 中库022架A面3列7层18/ [索取号:TU755.3/1] | 在馆 | |
| 3 | 456776 | 230012933 | 中心书库中库/ 中库022架A面3列7层20/ [索取号:TU755.3/1] | 在馆 | |
| 4 | 456777 | 230012934 | 中心书库中库/ 中库022架A面3列7层16/ [索取号:TU755.3/1] | 在馆 | |
| 5 | 456778 | 230012935 | 中心书库中库/ 中库022架A面3列7层19/ [索取号:TU755.3/1] | 在馆 |